[Event "EU-chT 24th"]
[Site "Budva"]
[Date "2023.11.19"]
[Round "8.19"]
[White "Morrison, Graham"]
[Black "Mehmeti, Dritan"]
[Result "1-0"]
[WhiteElo "2221"]
[BlackElo "2377"]
[PlyCount "73"]
[EventDate "2023.11.11"]
[EventType "team-swiss"]
[EventRounds "9"]
[EventCountry "MNE"]
[SourceTitle "CB47_2023"]
[SourceDate "2023.11.22"]
[SourceVersion "1"]
[SourceVersionDate "2023.11.22"]
[SourceQuality "1"]
[WhiteTeam "Scotland"]
[BlackTeam "Albania"]
[WhiteTeamCountry "SCO"]
[BlackTeamCountry "ALB"]

1. d4 Nf6 2. c4 e6 3. Nf3 b6 4. g3 Bb7 5. Bg2 Be7 6. 0-0 0-0 7. Nc3 Ne4 8. Bd2 Bf6 9. Qc2 Nxd2 10. Qxd2 d6 11. e4 Nd7 12. Rfe1 a6 13. a4 Be7 14. Rad1 c6 15. Qc2 Qc7 16. Qb1 Rac8 17. h4 h6 18. Bh3 Rfe8 19. Re3 Bf8 20. g4 g6 21. g5 h5 22. d5 exd5 23. cxd5 c5 24. e5 Nxe5 25. Nxe5 Rxe5 26. Rxe5 dxe5 27. Bxc8 Qxc8 28. Qe4 Bg7 29. Qf3 Qd7 30. Ne4 Qxa4 31. b3 Qd7 32. Kh2 a5 33. d6 Bc6 34. Rd3 Bb7 35. Qh3 Qxh3+ 36. Rxh3 Bf8 37. Nf6+ 1-0

[Event "Titled Tuesday intern op 26th Sep Early"]
[Site "Chess.com INT"]
[Date "2023.09.26"]
[Round "3"]
[White "Chitlange, Sakshi"]
[Black "Morrison, Graham"]
[Result "0-1"]
[WhiteElo "2209"]
[BlackElo "2221"]
[PlyCount "100"]
[EventDate "2023.09.26"]
[EventType "swiss (blitz)"]
[EventRounds "11"]
[EventCountry "USA"]
[SourceTitle "EXT 2024"]
[Source "ChessBase"]
[SourceDate "2023.10.10"]
[SourceVersion "1"]
[SourceVersionDate "2023.10.10"]
[SourceQuality "1"]

1. Nf3 c5 2. b3 Nc6 3. Bb2 d5 4. g3 f6 5. Bg2 e5 6. d3 Be6 7. Nbd2 Qd7 8. e4 d4 9. Qe2 h5 10. Nh4 Nge7 11. h3 g5 12. Nf5 Nxf5 13. exf5 Bxf5 14. Ne4 Be7 15. 0-0-0 0-0-0 16. Kb1 Kb8 17. Ba3 b6 18. Nd2 Be6 19. Bb2 Bd5 20. Be4 Bxe4 21. Nxe4 f5 22. Nd2 Bf6 23. Rhe1 Qd5 24. Nc4 Rde8 25. a4 e4 26. dxe4 Rxe4 27. Qf3 g4 28. hxg4 hxg4 29. Qg2 Rhe8 30. Rh1 Qd7 31. Rh6 Bg7 32. Rh7 Rh8 33. Qh1 Rxh7 34. Qxh7 Kc7 35. Bc1 Be5 36. Qg6 Kb7 37. Rh1 Bc7 38. Rh7 Re7 39. Rh5 d3 40. Qxf5 Qxf5 41. Rxf5 dxc2+ 42. Kxc2 Nb4+ 43. Kd1 Rd7+ 44. Bd2 Nd3 45. Ke2 a6 46. Rg5 b5 47. axb5 axb5 48. Na3 Ne5 49. Nxb5 Rxd2+ 50. Ke1 Nf3+ 0-1

[Event "Titled Tuesday intern op 12th Sep Early"]
[Site "Chess.com INT"]
[Date "2023.09.12"]
[Round "4"]
[White "Ansh, M Shah"]
[Black "Morrison, Graham"]
[Result "1-0"]
[WhiteElo "2166"]
[BlackElo "2221"]
[PlyCount "117"]
[EventDate "2023.09.12"]
[EventType "swiss (blitz)"]
[EventRounds "11"]
[EventCountry "USA"]
[SourceTitle "EXT 2024"]
[Source "ChessBase"]
[SourceDate "2023.10.10"]
[SourceVersion "1"]
[SourceVersionDate "2023.10.10"]
[SourceQuality "1"]

1. Nf3 c5 2. g3 Nc6 3. Bg2 g6 4. 0-0 Bg7 5. c3 Nf6 6. d4 cxd4 7. cxd4 d5 8. Nc3 0-0 9. Bf4 Ne4 10. Ne5 Nxc3 11. bxc3 Be6 12. Rb1 Qc8 13. Qb3 Nxe5 14. Bxe5 Bxe5 15. dxe5 b6 16. Qb5 Qc7 17. Bxd5 Qxe5 18. c4 Rac8 19. e3 Rc7 20. Rfd1 Rfc8 21. Rd4 Bxd5 22. Qxd5 Qxd5 23. cxd5 Kg7 24. Rb2 Rc2 25. Rxc2 Rxc2 26. a4 Ra2 27. h4 f5 28. Kg2 Kf7 29. Kf3 Kf6 30. e4 fxe4+ 31. Rxe4 Rd2 32. Rf4+ Kg7 33. Ke4 Re2+ 34. Kd4 Rd2+ 35. Ke5 Re2+ 36. Kd4 Rd2+ 37. Kc4 Rc2+ 38. Kd3 Rc5 39. Kd4 Ra5 40. Ke5 Rc5 41. Ke6 Kg8 42. Rd4 Kf8 43. Rf4+ Ke8 44. Rf7 Kd8 45. Rxh7 Ra5 46. Rh8+ Kc7 47. Re8 Rxa4 48. Rxe7+ Kd8 49. Rb7 Re4+ 50. Kd6 Ke8 51. Rxa7 b5 52. Rb7 b4 53. Kc6 Kd8 54. d6 Rc4+ 55. Kd5 Rg4 56. Kc6 Rc4+ 57. Kb5 Rd4 58. Kc5 Rg4 59. Rxb4 1-0

[Event "Titled Tuesday intern op 12th Sep Early"]
[Site "Chess.com INT"]
[Date "2023.09.12"]
[Round "11"]
[White "Morrison, Graham"]
[Black "Freile Martin, Javier"]
[Result "1-0"]
[WhiteElo "2221"]
[BlackElo "2329"]
[PlyCount "77"]
[EventDate "2023.09.12"]
[EventType "swiss (blitz)"]
[EventRounds "11"]
[EventCountry "USA"]
[SourceTitle "EXT 2024"]
[Source "ChessBase"]
[SourceDate "2023.10.10"]
[SourceVersion "1"]
[SourceVersionDate "2023.10.10"]
[SourceQuality "1"]

1. d4 Nf6 2. c4 g6 3. Nc3 Bg7 4. e4 d6 5. Nf3 0-0 6. Be2 Na6 7. 0-0 e5 8. Be3 Ng4 9. Bg5 Qe8 10. Re1 exd4 11. Nxd4 Qe5 12. Bxg4 Qxd4 13. Bxc8 Rfxc8 14. Qxd4 Bxd4 15. Rac1 Bxc3 16. Rxc3 Kg7 17. Be3 Re8 18. f3 Nb4 19. a3 Nc6 20. Kf2 a5 21. c5 dxc5 22. Rxc5 a4 23. Rb5 b6 24. Rc1 Re6 25. Rd5 Na5 26. Rd7 c5 27. Rcd1 Nc4 28. Bc1 Rae8 29. Ra7 R8e7 30. Rxa4 b5 31. Ra8 f5 32. Rdd8 fxe4 33. Rg8+ Kf6 34. Raf8+ Ke5 35. fxe4 Kxe4 36. Rf3 Ne5 37. Re3+ Kd4 38. Rd8+ Kc4 39. Rc3# 1-0

[Event "Titled Tuesday intern op 12th Sep Early"]
[Site "Chess.com INT"]
[Date "2023.09.12"]
[Round "1"]
[White "Morrison, Graham"]
[Black "Jimenez Almeida, Luis David"]
[Result "0-1"]
[WhiteElo "2221"]
[BlackElo "2208"]
[PlyCount "72"]
[EventDate "2023.09.12"]
[EventType "swiss (blitz)"]
[EventRounds "11"]
[EventCountry "USA"]
[SourceTitle "EXT 2024"]
[Source "ChessBase"]
[SourceDate "2023.10.10"]
[SourceVersion "1"]
[SourceVersionDate "2023.10.10"]
[SourceQuality "1"]

1. d4 Nf6 2. c4 e6 3. Nf3 b6 4. g3 Ba6 5. b3 Bb4+ 6. Bd2 Be7 7. Bg2 Bb7 8. 0-0 0-0 9. Bc3 d5 10. Nbd2 c5 11. dxc5 bxc5 12. e3 Nbd7 13. Qc2 Rc8 14. Rad1 Qb6 15. Rfe1 Rfd8 16. Ba1 h6 17. cxd5 exd5 18. Ne5 Nf8 19. Ndf3 Ne6 20. Nh4 d4 21. Nc4 Qa6 22. Bxb7 Qxb7 23. exd4 cxd4 24. Nf5 Bb4 25. Re2 Qf3 26. Qd3 Qh5 27. Kg2 Nc5 28. Qf3 Qxf3+ 29. Kxf3 Ne6 30. Kg2 Kh7 31. h3 a5 32. Rd3 a4 33. g4 axb3 34. Rxb3 Rxc4 35. Kf3 d3 36. Re5 d2 0-1

[Event "SCO-ch op 127th"]
[Site "Edinburgh"]
[Date "2022.07.04"]
[Round "3"]
[White "Stevenson, James"]
[Black "Morrison, Graham"]
[Result "1/2-1/2"]
[WhiteElo "2008"]
[BlackElo "2223"]
[PlyCount "56"]
[EventDate "2022.07.02"]
[EventType "swiss"]
[EventRounds "9"]
[EventCountry "SCO"]
[SourceTitle "CBM 209 Extra"]
[Source "ChessBase"]
[SourceDate "2022.09.30"]
[SourceVersion "1"]
[SourceVersionDate "2022.09.30"]
[SourceQuality "1"]

1. e4 c5 2. d4 cxd4 3. c3 dxc3 4. Nxc3 Nc6 5. Nf3 d6 6. Bc4 a6 7. 0-0 Nf6 8. h3 e6 9. Qe2 Be7 10. Rd1 Qc7 11. Bg5 0-0 12. Rac1 Qb8 13. a3 b5 14. Ba2 Bb7 15. Nd4 Nxd4 16. Rxd4 Ra7 17. Rcd1 Ba8 18. Bb1 h6 19. Bxf6 Bxf6 20. Rxd6 Be5 21. R6d3 Rc7 22. Qd2 Rcc8 23. Qe3 Bc6 24. Qe2 b4 25. axb4 Qxb4 26. g3 Rb8 27. R1d2 Bb5 28. Nxb5 Qxb5 1/2-1/2

[Event "BCF-chT 2122 (4NCL)"]
[Site "England"]
[Date "2022.06.26"]
[Round "11.103"]
[White "Morrison, Graham"]
[Black "Willson, Ollie"]
[Result "1/2-1/2"]
[WhiteElo "2227"]
[BlackElo "2094"]
[PlyCount "50"]
[EventDate "2021.11.27"]
[EventType "team-swiss"]
[EventRounds "11"]
[EventCountry "ENG"]
[SourceTitle "EXT 2023"]
[Source "ChessBase"]
[SourceDate "2022.10.05"]
[SourceVersion "1"]
[SourceVersionDate "2022.10.05"]
[SourceQuality "1"]
[WhiteTeam "Alba"]
[BlackTeam "Sussex Martlets"]
[WhiteTeamCountry "ENG"]
[BlackTeamCountry "ENG"]

1. d4 Nf6 2. c4 e6 3. Nf3 Bb4+ 4. Bd2 a5 5. g3 d5 6. Bg2 dxc4 7. 0-0 0-0 8. Bg5 Be7 9. Qc2 b5 10. a4 c6 11. Na3 Qb6 12. e4 Bb7 13. e5 Nd5 14. Bxe7 Nxe7 15. Ng5 Ng6 16. Rad1 Na6 17. Qe4 Ra7 18. Qg4 h6 19. Ne4 Nb4 20. Nd6 Ba6 21. Be4 Ne7 22. Bb1 Nbd5 23. Rfe1 c3 24. Qe2 bxa4 25. Qd2 g6 1/2-1/2

[Event "BCF-chT 2122 (4NCL)"]
[Site "England"]
[Date "2022.05.01"]
[Round "8.64"]
[White "Makkar, Rajat"]
[Black "Morrison, Graham"]
[Result "1/2-1/2"]
[WhiteElo "2279"]
[BlackElo "2227"]
[PlyCount "93"]
[EventDate "2021.11.27"]
[EventType "team-swiss"]
[EventRounds "11"]
[EventCountry "ENG"]
[SourceTitle "EXT 2023"]
[Source "ChessBase"]
[SourceDate "2022.10.05"]
[SourceVersion "1"]
[SourceVersionDate "2022.10.05"]
[SourceQuality "1"]
[WhiteTeam "The Sharks"]
[BlackTeam "Alba"]
[WhiteTeamCountry "ENG"]
[BlackTeamCountry "ENG"]

1. Nf3 Nf6 2. c4 c5 3. Nc3 e6 4. e3 d5 5. cxd5 Nxd5 6. Nxd5 Qxd5 7. b3 Be7 8. Bb2 0-0 9. Bc4 Qd6 10. h4 Nc6 11. Ng5 e5 12. Qc2 Qg6 13. Bd3 f5 14. Qc4+ Kh8 15. f4 exf4 16. exf4 Bf6 17. 0-0-0 Bxb2+ 18. Kxb2 Qf6+ 19. Kb1 b6 20. Rde1 Nb4 21. Be2 Ba6 22. Qe6 Bd3+ 23. Bxd3 Nxd3 24. Qxf6 Rxf6 25. Re3 Nxf4 26. Rf1 Nh5 27. Re5 h6 28. Nh3 Raf8 29. Rf3 R6f7 30. Kc2 g6 31. Rd3 Kg7 32. a3 f4 33. Rf3 Rf5 34. Re4 g5 35. Re7+ Kg6 36. hxg5 hxg5 37. Nf2 R8f7 38. Re6+ R5f6 39. Re5 Rf5 40. Re6+ R5f6 41. Re5 Ng3 42. Ng4 Rf5 43. Re6+ Kh5 44. Ne5 Rg7 45. Nd3 Rd7 46. Re1 Kh6 47. Re6+ 1/2-1/2

[Event "BCF-chT 2122 (4NCL)"]
[Site "England"]
[Date "2022.04.30"]
[Round "7.34"]
[White "Morrison, Graham"]
[Black "Grieve, Harry"]
[Result "0-1"]
[WhiteElo "2227"]
[BlackElo "2384"]
[PlyCount "106"]
[EventDate "2021.11.27"]
[EventType "team-swiss"]
[EventRounds "11"]
[EventCountry "ENG"]
[SourceTitle "EXT 2023"]
[Source "ChessBase"]
[SourceDate "2022.10.05"]
[SourceVersion "1"]
[SourceVersionDate "2022.10.05"]
[SourceQuality "1"]
[WhiteTeam "Alba"]
[BlackTeam "Guildford Young Guns"]
[WhiteTeamCountry "ENG"]
[BlackTeamCountry "ENG"]

1. d4 e6 2. c4 f5 3. g3 Nf6 4. Bg2 d5 5. Nf3 Be7 6. 0-0 Ne4 7. Nfd2 0-0 8. Nxe4 fxe4 9. Nc3 c6 10. Qb3 Kh8 11. Be3 b6 12. f3 exf3 13. Bxf3 Ba6 14. cxd5 exd5 15. Rad1 Nd7 16. Rf2 Bd6 17. Qa4 Bb7 18. Qc2 Qc7 19. Bc1 Nf6 20. Rdf1 Ba6 21. Qa4 Qb7 22. Bf4 Bxf4 23. gxf4 Rae8 24. Qc2 Qe7 25. Qd2 Bc8 26. Re1 Bg4 27. Bg2 Qf7 28. h3 Bf5 29. e3 Re6 30. Rf3 Rfe8 31. Kh2 Qh5 32. Kg1 h6 33. Rg3 R8e7 34. Qe2 Qe8 35. Qd2 Qh5 36. Qe2 Qh4 37. Qf2 Nh5 38. Rf3 Qxf2+ 39. Kxf2 Be4 40. Nxe4 dxe4 41. Rg3 Nxg3 42. Kxg3 Rg6+ 43. Kf2 Rf6 44. Ke2 Rf5 45. Rc1 c5 46. Rc4 g5 47. dxc5 Rxc5 48. Rxe4 Rc2+ 49. Kd3 Rxe4 50. Bxe4 Rxb2 51. Bd5 gxf4 52. exf4 Kg7 53. Ke4 Rh2 0-1

[Event "BCF-chT 2122 (4NCL)"]
[Site "England"]
[Date "2022.02.13"]
[Round "4.114"]
[White "Morrison, Graham"]
[Black "Holt, Philip J"]
[Result "1/2-1/2"]
[WhiteElo "2227"]
[BlackElo "2165"]
[PlyCount "83"]
[EventDate "2021.11.27"]
[EventType "team-swiss"]
[EventRounds "11"]
[EventCountry "ENG"]
[SourceTitle "EXT 2023"]
[Source "ChessBase"]
[SourceDate "2022.10.05"]
[SourceVersion "1"]
[SourceVersionDate "2022.10.05"]
[SourceQuality "1"]
[WhiteTeam "Alba"]
[BlackTeam "Warwicks Select"]
[WhiteTeamCountry "ENG"]
[BlackTeamCountry "ENG"]

1. d4 g6 2. e4 d6 3. c4 Bg7 4. Nf3 Nd7 5. Be2 e5 6. Nc3 c6 7. 0-0 Ngf6 8. Re1 0-0 9. Bf1 h6 10. d5 c5 11. g3 Nh7 12. Qc2 f5 13. Nh4 Qf6 14. exf5 gxf5 15. f4 e4 16. Nd1 b5 17. Ne3 Nb6 18. cxb5 Qf7 19. Kh1 Bd4 20. Nc4 Qf6 21. Nxb6 axb6 22. a4 Rf7 23. Rb1 Rg7 24. Bc4 Nf8 25. Be3 Ng6 26. Nxg6 Qxg6 27. b3 Bd7 28. Qf2 Qf6 29. Red1 Bxe3 30. Qxe3 Be8 31. Rd2 Kh8 32. Rg1 Bh5 33. h3 Bf3+ 34. Kh2 h5 35. Be2 Bxe2 36. Qxe2 Rh7 37. Qe3 Rc7 38. Rc1 Rg7 39. Qc3 Qg6 40. Rg1 Kh7 41. Rgg2 Qf7 42. Kg1 1/2-1/2

[Event "Titled Tuesday intern op 23rd Nov"]
[Site "Chess.com INT"]
[Date "2021.11.23"]
[Round "8"]
[White "Buscar, Michael"]
[Black "Morrison, Graham"]
[Result "1-0"]
[WhiteElo "2088"]
[BlackElo "2251"]
[PlyCount "99"]
[EventDate "2021.11.23"]
[EventType "swiss (blitz)"]
[EventRounds "11"]
[EventCountry "USA"]
[SourceTitle "CBM 205 Extra"]
[Source "ChessBase"]
[SourceDate "2022.01.31"]
[SourceVersion "1"]
[SourceVersionDate "2022.01.31"]
[SourceQuality "1"]

1. e4 c5 2. Nf3 d6 3. Bb5+ Bd7 4. a4 Nc6 5. 0-0 Nf6 6. Re1 e6 7. c3 Be7 8. d4 cxd4 9. cxd4 d5 10. Nc3 Nxe4 11. Nxe4 dxe4 12. Rxe4 0-0 13. d5 exd5 14. Qxd5 Bf6 15. Bg5 Be6 16. Qxd8 Bxd8 17. Rc1 Rc8 18. Be3 a6 19. Bf1 Bf6 20. b4 Bd5 21. Rg4 Ne5 22. Nxe5 Rxc1 23. Nd7 Rxf1+ 24. Kxf1 Be6 25. Nxf6+ Kh8 26. Nxh7 Bxg4 27. Nxf8 Kg8 28. Bc5 b6 29. Bd6 b5 30. a5 Bf5 31. f3 f6 32. Kf2 Kf7 33. Ke3 g5 34. Kd4 Bc8 35. g3 f5 36. h4 gxh4 37. gxh4 Bb7 38. f4 Bf3 39. Kc5 Ke8 40. Kb6 Kf7 41. Kxa6 Be2 42. Kb6 Ke8 43. a6 Kd8 44. Kb7 Bf3+ 45. Kb8 Ke8 46. a7 Kf7 47. h5 Kg7 48. Ne6+ Kh6 49. Nd8 Kxh5 50. Nb7 1-0

[Event "Titled Tuesday intern op 23rd Nov"]
[Site "Chess.com INT"]
[Date "2021.11.23"]
[Round "11"]
[White "Glavina, Pablo"]
[Black "Morrison, Graham"]
[Result "1-0"]
[WhiteElo "2397"]
[BlackElo "2251"]
[PlyCount "109"]
[EventDate "2021.11.23"]
[EventType "swiss (blitz)"]
[EventRounds "11"]
[EventCountry "USA"]
[SourceTitle "CBM 205 Extra"]
[Source "ChessBase"]
[SourceDate "2022.01.31"]
[SourceVersion "1"]
[SourceVersionDate "2022.01.31"]
[SourceQuality "1"]

1. e4 c5 2. Nf3 d6 3. d4 cxd4 4. Nxd4 Nf6 5. Nc3 Nc6 6. Bb5 Bd7 7. 0-0 Nxd4 8. Bxd7+ Qxd7 9. Qxd4 g6 10. Rd1 Bg7 11. Bg5 0-0 12. e5 Ne8 13. Ne4 Qe6 14. Qd5 Qxd5 15. Rxd5 f6 16. exf6 Nxf6 17. Nxf6+ Bxf6 18. Bxf6 Rxf6 19. Re1 Kf7 20. Rb5 b6 21. Rb4 Rc8 22. c3 Rc7 23. Rbe4 e5 24. g3 Re6 25. f4 Rce7 26. fxe5 Rxe5 27. Rxe5 Rxe5 28. Rxe5 dxe5 29. Kf2 Ke6 30. Ke3 Kd5 31. a4 a6 32. b3 b5 33. a5 g5 34. g4 h6 35. Kf3 e4+ 36. Ke3 Ke5 37. c4 bxc4 38. bxc4 Kd6 39. Kxe4 Kc5 40. Kd3 Kb4 41. Kd4 Kxa5 42. c5 Kb5 43. Kd5 a5 44. c6 Kb6 45. Kd6 a4 46. c7 Kb7 47. Kd7 a3 48. c8Q+ Kb6 49. Qc1 Kb5 50. Qxa3 Kc4 51. Qf8 Kd4 52. Qxh6 Ke5 53. Qxg5+ Ke4 54. Qf5+ Ke3 55. h4 1-0

[Event "Titled Tuesday intern op 23rd Nov"]
[Site "Chess.com INT"]
[Date "2021.11.23"]
[Round "6"]
[White "Morrison, Graham"]
[Black "Volkov, Maksim"]
[Result "0-1"]
[WhiteElo "2251"]
[BlackElo "2153"]
[PlyCount "66"]
[EventDate "2021.11.23"]
[EventType "swiss (blitz)"]
[EventRounds "11"]
[EventCountry "USA"]
[SourceTitle "CBM 205 Extra"]
[Source "ChessBase"]
[SourceDate "2022.01.31"]
[SourceVersion "1"]
[SourceVersionDate "2022.01.31"]
[SourceQuality "1"]

1. d4 d5 2. c4 e6 3. Nf3 Nf6 4. Nc3 c6 5. e3 Nbd7 6. Qc2 Bd6 7. Bd3 dxc4 8. Bxc4 b5 9. Be2 Bb7 10. 0-0 0-0 11. Rd1 Qc7 12. e4 e5 13. Bg5 exd4 14. Rxd4 h6 15. Bxf6 Nxf6 16. Rad1 Bc5 17. b4 Bxd4 18. Nxd4 Qe7 19. a3 Rfd8 20. Nf5 Rxd1+ 21. Bxd1 Qe5 22. f3 c5 23. Nxb5 cxb4 24. Nbd6 bxa3 25. Nxb7 Qb2 26. Na5 Qxc2 27. Bxc2 a2 28. Nb3 Rb8 29. Nfd4 a5 30. Kf2 a4 31. Na1 Rb1 32. Bxa4 Rxa1 33. Bb3 Rf1+ 0-1

[Event "EU-chT 23rd"]
[Site "Terme Catez"]
[Date "2021.11.12"]
[Round "1.18"]
[White "Morrison, Graham"]
[Black "Hansen, Sune Berg"]
[Result "1-0"]
[WhiteElo "2251"]
[BlackElo "2543"]
[PlyCount "129"]
[EventDate "2021.11.12"]
[EventType "team-swiss"]
[EventRounds "9"]
[EventCountry "SLO"]
[SourceTitle "CBM 205"]
[Source "ChessBase"]
[SourceDate "2021.12.31"]
[SourceVersion "1"]
[SourceVersionDate "2021.12.31"]
[SourceQuality "1"]
[WhiteTeam "Scotland"]
[BlackTeam "Denmark"]
[WhiteTeamCountry "SCO"]
[BlackTeamCountry "DEN"]

1. d4 d5 2. c4 e6 3. Nf3 a6 4. cxd5 exd5 5. Nc3 Nf6 6. Bg5 Be6 7. e3 Nbd7 8. Bd3 Bd6 9. 0-0 c6 10. Bf4 Qc7 11. Bxd6 Qxd6 12. h3 h6 13. Qc2 0-0 14. b4 Rfe8 15. Rab1 Nb6 16. a4 Nfd7 17. a5 Nc8 18. Na4 Qe7 19. Nc5 Nf8 20. Ne5 Nd6 21. Rbe1 Rad8 22. f4 Bc8 23. g4 f6 24. Ng6 Nxg6 25. Bxg6 Rf8 26. f5 Qc7 27. Kg2 b6 28. axb6 Qxb6 29. Qa4 Qc7 30. Qa2 Kh8 31. h4 Qe7 32. Qc2 Qc7 33. Rf2 a5 34. Qa4 axb4 35. Qxb4 Qe7 36. Qb1 Bd7 37. Rb2 Ra8 38. Rb3 Bc8 39. Qc2 Ra5 40. Kg1 Rd8 41. Qg2 Nc4 42. Nd3 Qa7 43. Qg3 Nd6 44. Nc5 Ra2 45. Reb1 Nb5 46. g5 fxg5 47. hxg5 Qe7 48. Qf4 hxg5 49. Qg4 Kg8 50. Ne6 Bxe6 51. fxe6 Qf6 52. Bf7+ Kf8 53. Rf1 Ke7 54. Rxf6 gxf6 55. Qd1 Rda8 56. Qc1 Nd6 57. Rb2 Ra1 58. Rb1 R1a7 59. Qc5 f5 60. Qxc6 Rc8 61. Qxd5 Rc2 62. e4 Raa2 63. exf5 Nc4 64. f6+ Kxf6 65. Rf1+ 1-0

[Event "EU-chT 22nd"]
[Site "Batumi"]
[Date "2019.10.25"]
[Round "2.19"]
[White "Morrison, Graham"]
[Black "Kurmann, Oliver"]
[Result "0-1"]
[WhiteElo "2262"]
[BlackElo "2420"]
[PlyCount "68"]
[EventDate "2019.10.24"]
[EventType "team-swiss"]
[EventRounds "9"]
[EventCountry "GEO"]
[SourceTitle "CBM 193"]
[Source "ChessBase"]
[SourceDate "2019.12.31"]
[SourceVersion "1"]
[SourceVersionDate "2019.12.31"]
[SourceQuality "1"]
[WhiteTeam "Scotland"]
[BlackTeam "Switzerland"]
[WhiteTeamCountry "SCO"]
[BlackTeamCountry "SUI"]

1. d4 Nf6 2. c4 e6 3. Nf3 b6 4. g3 Bb7 5. Bg2 Be7 6. Nc3 Ne4 7. Bd2 Bf6 8. 0-0 0-0 9. Qc2 Nxd2 10. Qxd2 d6 11. e4 Nd7 12. Rad1 c6 13. Rfe1 Qc7 14. h4 a6 15. a4 Rad8 16. h5 h6 17. Qe3 c5 18. d5 Ne5 19. Nxe5 Bxe5 20. Kh2 Rfe8 21. f4 Bd4 22. Qd2 exd5 23. Nxd5 Bxd5 24. exd5 Qd7 25. b3 Qg4 26. Rxe8+ Rxe8 27. Re1 Qxh5+ 28. Bh3 Rxe1 29. Qxe1 Kf8 30. a5 Qf3 31. Bd7 g6 32. Qe8+ Kg7 33. Be6 Qf2+ 34. Kh3 Qf1+ 0-1

[Event "BCF-chT1d 1819 (4NCL) Demotion pool"]
[Site "England"]
[Date "2019.03.17"]
[Round "8.53"]
[White "Rendle, Thomas E"]
[Black "Morrison, Graham"]
[Result "1/2-1/2"]
[WhiteElo "2374"]
[BlackElo "2274"]
[PlyCount "53"]
[EventDate "2018.11.10"]
[EventType "team-tourn"]
[EventRounds "4"]
[EventCountry "ENG"]
[SourceTitle "CBM 189 Extra"]
[Source "ChessBase"]
[SourceDate "2019.06.03"]
[SourceVersion "1"]
[SourceVersionDate "2019.06.03"]
[SourceQuality "1"]
[WhiteTeam "Grantham Sharks"]
[BlackTeam "Alba"]
[WhiteTeamCountry "ENG"]
[BlackTeamCountry "ENG"]

1. e4 c5 2. Nf3 e6 3. b3 a6 4. Bb2 Nc6 5. Bd3 Nf6 6. e5 Nd5 7. Be4 d6 8. 0-0 Nxe5 9. Nxe5 dxe5 10. Bxe5 Nf6 11. Bf3 Bd6 12. d4 Qc7 13. Bxd6 Qxd6 14. dxc5 Qxc5 15. c4 Rb8 16. Nc3 Bd7 17. Rc1 0-0 18. Qd2 Bc6 19. Bxc6 Qxc6 20. Rfd1 h6 21. h3 Qc7 22. Qd6 Rbc8 23. a4 Qxd6 24. Rxd6 Rfd8 25. Rcd1 Rxd6 26. Rxd6 Kf8 27. Kf1 1/2-1/2

[Event "BCF-chT1a 1819 (4NCL)"]
[Site "England"]
[Date "2019.03.16"]
[Round "7.25"]
[White "Morrison, Graham"]
[Black "Chow, Samuel"]
[Result "1/2-1/2"]
[WhiteElo "2274"]
[BlackElo "2336"]
[PlyCount "68"]
[EventDate "2018.11.10"]
[EventType "team-tourn"]
[EventRounds "7"]
[EventCountry "ENG"]
[SourceTitle "CBM 189 Extra"]
[Source "ChessBase"]
[SourceDate "2019.06.03"]
[SourceVersion "1"]
[SourceVersionDate "2019.06.03"]
[SourceQuality "1"]
[WhiteTeam "Alba"]
[BlackTeam "White Rose"]
[WhiteTeamCountry "ENG"]
[BlackTeamCountry "ENG"]

1. d4 Nf6 2. c4 g6 3. Nc3 d5 4. cxd5 Nxd5 5. e4 Nxc3 6. bxc3 Bg7 7. Nf3 c5 8. Bb5+ Nd7 9. 0-0 a6 10. Bd3 0-0 11. Bg5 b5 12. a4 b4 13. cxb4 cxb4 14. a5 Nb8 15. d5 Bg4 16. Rb1 Bc3 17. h3 Bxf3 18. Qxf3 Nd7 19. Qe3 Re8 20. d6 Qxa5 21. Bxe7 Qc5 22. Qe2 Bf6 23. Bxa6 Bxe7 24. dxe7 Rxe7 25. Rfc1 Qb6 26. Bb5 Nc5 27. Rxb4 Qa5 28. Rcb1 Rb8 29. Qc2 Rc7 30. R4b2 Qa8 31. Bf1 Rxb2 32. Qxb2 Rb7 33. Qc2 Rxb1 34. Qxb1 Qxe4 1/2-1/2

[Event "BCF-chT1a 1819 (4NCL)"]
[Site "England"]
[Date "2019.01.12"]
[Round "3.25"]
[White "Taylor, Adam C"]
[Black "Morrison, Graham"]
[Result "1-0"]
[WhiteElo "2356"]
[BlackElo "2292"]
[PlyCount "97"]
[EventDate "2018.11.10"]
[EventType "team-tourn"]
[EventRounds "7"]
[EventCountry "ENG"]
[SourceTitle "CBM 188 Extra"]
[Source "ChessBase"]
[SourceDate "2019.02.26"]
[SourceVersion "1"]
[SourceVersionDate "2019.02.26"]
[SourceQuality "1"]
[WhiteTeam "Wood Green"]
[BlackTeam "Alba"]
[WhiteTeamCountry "ENG"]
[BlackTeamCountry "ENG"]

1. Nf3 Nf6 2. g3 d5 3. Bg2 e6 4. 0-0 Be7 5. c4 0-0 6. d4 c6 7. Qc2 b6 8. b3 Bb7 9. Rd1 Nbd7 10. Nc3 Qc8 11. Bf4 b5 12. Rac1 Ba3 13. Rb1 Be7 14. Ne1 bxc4 15. bxc4 Nh5 16. cxd5 cxd5 17. Bc7 Nhf6 18. Rdc1 Ba6 19. Nb5 Bxb5 20. Rxb5 a6 21. Rb3 Ra7 22. Nd3 Qa8 23. Ba5 Rb7 24. e3 Rb5 25. Be1 Qb7 26. Bf1 Rxb3 27. axb3 Rb8 28. Nc5 Nxc5 29. dxc5 Qc6 30. b4 Ne8 31. Bd3 f5 32. g4 g6 33. Ra1 Nc7 34. Bc3 Kf7 35. Qe2 Bf6 36. Bxf6 Kxf6 37. Qb2+ Kf7 38. g5 Kg8 39. Qe5 Rd8 40. Bxa6 Nxa6 41. b5 Qxb5 42. Qxe6+ Kf8 43. Qf6+ Ke8 44. Rxa6 Qb1+ 45. Kg2 Qe4+ 46. f3 Qc2+ 47. Kh3 Qxc5 48. Rc6 Qf8 49. Qe5+ 1-0

[Event "BCF-chT1a 1819 (4NCL)"]
[Site "England"]
[Date "2018.11.10"]
[Round "1.1"]
[White "Le Roux, Jean Pierre"]
[Black "Morrison, Graham"]
[Result "1-0"]
[WhiteElo "2534"]
[BlackElo "2300"]
[PlyCount "119"]
[EventDate "2018.11.10"]
[EventType "team-tourn"]
[EventRounds "7"]
[EventCountry "ENG"]
[SourceTitle "CBM 187 Extra"]
[Source "ChessBase"]
[SourceDate "2018.11.04"]
[SourceVersion "1"]
[SourceVersionDate "2018.11.04"]
[SourceQuality "1"]
[WhiteTeam "Guildford"]
[BlackTeam "Alba"]
[WhiteTeamCountry "ENG"]
[BlackTeamCountry "ENG"]

1. e4 c5 2. Nf3 e6 3. b3 a6 4. Bb2 Nc6 5. c4 Nf6 6. e5 Ng4 7. h3 Nh6 8. Bd3 Be7 9. 0-0 0-0 10. Nc3 d6 11. exd6 Qxd6 12. Be4 Bd7 13. Re1 f5 14. Bxc6 Bxc6 15. Qe2 Bf6 16. Qxe6+ Qxe6 17. Rxe6 Bxf3 18. gxf3 Rad8 19. Rd1 Rd3 20. Na4 Bxb2 21. Nxb2 Rd4 22. Na4 Nf7 23. Kg2 Ng5 24. Rb6 Rc8 25. Rxb7 Rc6 26. Rb6 Rxb6 27. Nxb6 Rd3 28. Nd5 Nxf3 29. Ne7+ Kf7 30. Nxf5 g6 31. Nd6+ Rxd6 32. Kxf3 Rd3+ 33. Ke4 Rxh3 34. Kd5 Rh5+ 35. Kc6 Rf5 36. Kb6 g5 37. Kxa6 Rxf2 38. Kb5 g4 39. Rg1 h5 40. a4 Rxd2 41. Kxc5 Rd3 42. Rh1 Kg6 43. b4 g3 44. a5 Kg5 45. a6 h4 46. b5 g2 47. Rg1 h3 48. a7 Ra3 49. b6 Kf5 50. b7 h2 51. Rxg2 h1Q 52. a8Q Qxg2 53. Qc8+ Kf6 54. Qf8+ Ke6 55. Qd6+ Kf7 56. Qf4+ Ke6 57. b8Q Ra5+ 58. Kb4 Qb7+ 59. Qxb7 Rb5+ 60. Kc3 1-0